Регионална библиотека "Любен Каравелов" - Русе

Поетика на смешното в българските народни приказки : Приказки за хитреци (Запис номер 187478)

MARC детайли
000 -Лидер
Контролно поле с фиксирана дължина 01245nam a2200313 c 4500
003 - Код на организацията, давaща контролен номер
Контролно поле BLK
005 - Дата и час на последна редакция
Контролно поле 20231118131408.0
008 - Елементи от данни с фиксирана дължина
fixed length control field 180411b bul|||||r ||||||| ||bul||
010 ## - Наследен системен номер
LC control number KNG00196491000
040 ## - Източник на каталожния запис
Идентификатор на билиотеката - собственик на записа BLK
041 ## - Код за език
Код за езика на текст/звукозапис или на отделно заглавие Български
Код за езика КДБФ Български
080 ## - УДК
Текстов определител УДК Народни приказки
УДК код - определител по УДК 398.21
УДК определител
УДК - код + определител 398.21
100 1# - Редна дума - Автор
Автор Рускова, Екатерина Т.
Авторска отговорност първи автор
R(LIN) 344363
139 ## - Редно поле
Редна дума Рускова, Екатерина Т.
Авторски знак Русен - Р 95
245 10 - Сведения за заглавието
Заглавие Поетика на смешното в българските народни приказки : Приказки за хитреци
Подзаглавни данни Изследване
Редно поле (дума) Екатерина Т. Рускова.
257 ## - Страна на издаване
Страна на създаване/издаване България
260 ## - Област на издателските данни
-- София
Име на издателя, разпространителя и проч. Наука и изкуство
Година на издаване 1987
Печатница Ямбол : Г. Димитров
300 ## - Физическа характеристика
Страници 216 с.
Илюстрации и др. със сх.
Размери/Мащаб 22 см
380 ## - Жанр
Жанр Обществени науки
500 ## - Общи забележки
Забележка 1 603 тир.
650 #4 - Допълнително описание по предмет – тема
Основно описание – тема или топоним Народни приказки, български
9 (RLIN) 274076
653 ## - Ключова дума – ненормативна
Ключова дума народни приказки
852 ## - Местоположение
Форматна сигнатура Цб 150271
856 4# - Електронен адрес и достъп
Електронен формат pdf - файл
Път до файла /url/
856 4# - Електронен адрес и достъп
Електронен формат pdf - файл
Път до файла /url/
942 ## - АРТИКУЛИ
Вид на библиотечния материал Книги
Скрит в OPAC Не
Koha issues (borrowed), all copies 2
944 ## - СЪЗДАВАНЕ И РЕДАКЦИЯ на ЗАПИСА
Създаване/Редакция Създаване
Дата на регистрацията/редакция 18.11.2016
Служител, извършил регистрацията/редакцията 30576
Статус, дата на статуса Цветомила Тодорова
944 ## - СЪЗДАВАНЕ И РЕДАКЦИЯ на ЗАПИСА
Създаване/Редакция Редакция
Дата на регистрацията/редакция 18.11.2016
Служител, извършил регистрацията/редакцията Радостина_Карадакова
999 ## - СИСТЕМНИ КОНТРОЛНИ НОМЕРА
Koha biblionumber 187478
Koha biblioitemnumber 187478
Наличности
Код за отписване Код за изгубен артикул Източник на класификационната схема Код за повреда Коз за рестрикции Код за отдаване Артикулен № Име на библиотеката - собственик Име на библиотеката, в която се намира в момента Статус (Текущо местоположение) Дата на вписване в системата Местоположение - отдел Цена в лева Инвентарен номер Систематично азбучна сигнатура Баркод Номер на екземпляра Цена в евро Служебна бележка Служебен тип на артикула
  Не е изгубен Universal Decimal Classification Не е повреден без рестрикции ползва се в читалня 327344 Регионална библиотека "Любен Каравелов" Русе Регионална библиотека "Любен Каравелов" Русе Хранилище 1987-01-01 Хранилище 2.12 486095 Цб 150271 120000486095 1 1.08 N: стар фонд Дата: 01.01.1987 Книги
  Не е изгубен Universal Decimal Classification Не е повреден без рестрикции заемане за дома 327345 Регионална библиотека "Любен Каравелов" Русе Регионална библиотека "Любен Каравелов" Русе Заемна - подръчен фонд 1987-01-01 Заемна - подръчен фонд 2.12 487476 П 398/Р 95 120000487476 2 1.08 N: стар фонд Дата: 01.01.1987 Дата инв: 08.02.2018 Бележки инв: П2018 Книги
Изтеглен Не е изгубен Universal Decimal Classification Не е повреден без рестрикции заемане за дома 327346 Регионална библиотека "Любен Каравелов" Русе Регионална библиотека "Любен Каравелов" Русе Заемна - подръчен фонд 1987-01-01 Заемна - подръчен фонд 2.12 487480 П 398/Р 95 487480 3 1.08 N: стар фонд Дата: 01.01.1987 Дата инв: 08.02.2018 Бележки инв: П2018 Книги
Vip Innovations Ltd, Rousse, Bulgaria 2025